1965 A Western Sunrise; (Record no. 213404)

MARC details
000 -LEADER
fixed length control field 00567nam a22001817a 4500
005 - DATE AND TIME OF LATEST TRANSACTION
control field 20250908160753.0
010 ## - LCCN (DPL NO)
LC control number ENG-146841
020 ## - INTERNATIONAL STANDARD BOOK NUMBER
International Standard Book Number 9789390652464
Terms of availability 1199.00
035 ## - SYSTEM CONTROL NUMBER
System control number EN-130373
037 ## - SOURCE OF ACQUISITION
Source of stock number/acquisition DBAD/PUB
082 ## - DEWEY DECIMAL CLASSIFICATION NUMBER
Classification number 954.920514
100 ## - MAIN ENTRY--PERSONAL NAME
Personal name Verma, Shiv Kunal
245 ## - TITLE STATEMENT
Title 1965 A Western Sunrise;
Statement of responsibility, etc Shiv Kunal Verma
Remainder of title India's War With Pakistan /
260 ## - PUBLICATION, DISTRIBUTION, ETC. (IMPRINT)
Place of publication, distribution, etc New Delhi
Name of publisher, distributor, etc Aleph book Company
Date of publication, distribution, etc 2021
270 ## - ADDRESS
Address 7/16 Ansari Road, Daryaganj
City New Delhi
Postal code 110002
300 ## - PHYSICAL DESCRIPTION
Extent 509p.
Dimensions 24cm(hb)
942 ## - ADDED ENTRY ELEMENTS (KOHA)
Source of classification or shelving scheme Dewey Decimal Classification
Item type English Books
Classification part 954.920514
Call number suffix VER
Holdings
Withdrawn status Lost status Not for loan Collection code Home library Current library Date acquired Source of acquisition Cost, normal purchase price Full call number Barcode Copy number Cost, replacement price Koha item type
      Non-fiction Ashok Vihar Ashok Vihar 08/09/2025 DBAD 1199.00 954.920514 VER EN-130373 1 1199.00 English Books

© Delhi Public Library
Hit Counter
free hit counter